000 00410pab a2200145 454500
008 180718b1990 xxu||||| |||| 00| 0 eng d
100 _aBen - Ari, Eyal
245 _aA bureaucrat in every Japanese Kitchen? on cultural assumptions and coproduction
260 _c1990
300 _a472-92
362 _aFeb.
650 _aWaste, Utilization of - Japan
773 _aAdministration & Society
909 _a21147
999 _c21147
_d21147